ბათუმის შოთა რუსთაველის სახელმწიფო უნივერსიტეტის ბიბლიოთეკა

საზღვარგარეთის ქვეყნების კონსტიტუციური სამართალი კრებული 1 : (ბიბ.ჩანაწერი № 54144)

000 -ლიდერი
ფიქსირებული სიგრძის საკონტროლო ველი 01324nam a2200241Ia 4500
001 - საკონტროლო ნომერი
საკონტროლო ველი 21199
003 - საკონტროლო ნომრის იდენტიფიკატორი
საკონტროლო ველი GE_BSU
005 - ბოლო ოპერაციის თარიღი და დრო
საკონტროლო ველი 20210722180238.0
008 - ფიქსირებული სიგრძის მონაცემთა ელემენტები - ზოგადი ინფორმაცია
ფიქსირებული სიგრძის საკონტროლო ველი 181216s2007||||ge |||||||||||||| ||geo||
020 ## - წიგნის საერთაშორისო სტანდარტული ნომერი
International Standard Book Number 9992816414
040 ## - კატალოგიზაციის წყარო
Transcribing agency GE_BSU
041 ## - ენის კოდი
Language code of text/sound track or separate title geo
080 ## - უნივერსალური ათობითი კლასიფიკაციის ინდექსი
Universal Decimal Classification number 342.4(100)(075.8) ს-17
245 ## - ცნობა სათაურის შესახებ
Title საზღვარგარეთის ქვეყნების კონსტიტუციური სამართალი კრებული 1 :
Remainder of title [დამხმარე სახელმძღვანელო] /
Statement of responsibility, etc ავტორთა კოლექტივის ხელმძღვანელი და პასუხისმგ. რედ. ოთარ მელქაძე.
264 ## - წარმოების, გამოცემის, დისტრიბუციის და სხვა ცნობები
გამოცემის, წარმოების, დისტრიბუციის... ადგილი თბილისი :
გამოცემის, წარმოების, დისტრიბუციის... სახელწოდება მერიდიანი,
გამოცემის, წარმოების, დისტრიბუციის... თარიღი 2007.
300 ## - ფიზიკური აღწერა
Extent 382 გვ. ;
Dimensions 20 სმ.
490 ## - სერიის ცნობა
Series statement პოლიტიკურ -სამართლებრივი ლიტერატურის სერია წიგნი VIII
653 ## - INDEX TERM--UNCONTROLLED
Uncontrolled term საზღვარგარეთის ქვეყნების კონსტიტუციური სამართალი
653 ## - INDEX TERM--UNCONTROLLED
Uncontrolled term სამართალი
700 ## - ADDED ENTRY--PERSONAL NAME
Personal name მელქაძე, ოთარ
Relator term რედაქტორი
9 (RLIN) 12310
942 ## - ADDED ENTRY ELEMENTS (KOHA)
Koha item type წიგნი
Source of classification or shelving scheme
ეგზემპლარები
ჩამოწერის სტატუსი დაკარგული ეგზემპლარის სტატუსი კლასიფიკაციის წყარო ან თაროზე გაწყობის სქემა დაზიანების სტატუსი არ გაიცემა მუდმივი მდებარეობა (დაცვის ადგილი) ამჟამინდელი ადგილსამყოფელი შეძენის თარიღი ღირებულება, შესყიდვის ნორმალური ფასი სრული შენახვის შიფრი შტრიხკოდი ბოლო ოპერაციის თარიღი ეგზემპლარის მიმდევრობითი ნომერი (კეტერი?) ფასის ძალაში შესვლის თარიღი ეგზემპლარის სახეობა საჯარო შენიშვნა თაროზე განთავსების ადგილი
          ბათუმის შოთა რუსთაველის სახელმწიფო უნივერსიტეტის მთავარი ბიბლიოთეკა ბათუმის შოთა რუსთაველის სახელმწიფო უნივერსიტეტის მთავარი ბიბლიოთეკა 2018-12-17 16.00 342.4(100)(075.8) ს-17 54790 2018-12-17 54790 2018-12-17 წიგნი 16.00 ₾.  
          ბათუმის შოთა რუსთაველის სახელმწიფო უნივერსიტეტის მთავარი ბიბლიოთეკა ბათუმის შოთა რუსთაველის სახელმწიფო უნივერსიტეტის მთავარი ბიბლიოთეკა 2018-12-17 16.00 342.4(100)(075.8) ს-17 54791 2018-12-17 54791 2018-12-17 წიგნი 16.00 ₾. წიგნსაცავი
          ბათუმის შოთა რუსთაველის სახელმწიფო უნივერსიტეტის მთავარი ბიბლიოთეკა ბათუმის შოთა რუსთაველის სახელმწიფო უნივერსიტეტის მთავარი ბიბლიოთეკა 2021-11-22 18.00 342.4(100)(075.8) ს-17 40630 2021-11-22 40630 2021-11-22 წიგნი 18 ლ. წიგნსაცავი
          ბათუმის შოთა რუსთაველის სახელმწიფო უნივერსიტეტის მთავარი ბიბლიოთეკა ბათუმის შოთა რუსთაველის სახელმწიფო უნივერსიტეტის მთავარი ბიბლიოთეკა 2021-11-22 22.40 342.4(100)(075.8) ს-17 6768 2021-11-22 6768 2021-11-22 წიგნი 22 ლ.40 თ. წიგნსაცავი